| 000 | 00644nam a2200229Ia 4500 | ||
|---|---|---|---|
| 003 | 0100 | ||
| 008 | 130303s9999 xx 000 0 und d | ||
| 040 | _cARRUPELIB | ||
| 050 | _aB2798.V523 | ||
| 100 | _aDe Vleeschauwer, Herman Jean | ||
| 245 | 4 | _aThe development of Kantian thought | |
| 245 | _bthe history of a doctrine | ||
| 260 | _aLondon | ||
| 260 | _bThomas Nelson and Sons | ||
| 260 | _C1962 | ||
| 300 | _a200p. | ||
| 300 | _b 23cm | ||
| 650 | _bOccultism - Controversial literature | ||
| 650 | _cPsychical research - Controversial literature | ||
| 650 | _dNew age movement - Controversial literature | ||
| 942 |
_2lcc _03 |
||
| 999 |
_c63613 _d63613 |
||